01401nam a2200325 4500001000400000003000400004005001700008008004100025040000800066041001300074082001700087100003300104240002600137245008900163260004100252300001100293490002800304520051200332650002300844650002200867650002200889650001300911650001500924650003000939650001600969650001000985655001000995700004201005830002801047147OSt20250217154550.0250128b |||||||g |||| 00| j eng d bpor hengapor a823bC555pri1 aChristie, Agatha,d1890-1976 aPoirot´s early cases aOs primeiros casos de Poirot /cChristie, Agatha ; Tradução de Maria Moraes Rego aRio de JaneirobNova Fronteirac1967 a241 p.1 aDetetive Hercule Poirot aHercule Poirot – sem falsa modéstia – sente um prazer especial em contar para as pessoas que ele foi o melhor detetive do mundo. Nada melhor para comprovar sua tese do que olhar para o passado e rever dezoito dos mais intrincados casos que ajudaram a estabelecer sua reputação. Narrados pelo capitão Hastings, seu grande amigo, estes casos do início da carreira – de roubo e assalto até sequestro e assassinato – são uma prova de fogo para os anos de formação do grande detetive. 0aLiteratura Inglesa 0aHistorias curtas  0aRomance Policial  0aSuspense 0aMistério 0aCrime e Investigação  0aClássicos 0aFilme 0aConto aMaria Aparecida Moraes RegoeTradutor aDetetive Hercule Poirot